| 000 | 00491nam a22001575i 4500 | ||
|---|---|---|---|
| 001 | 170273 | ||
| 003 | ES-MaACL | ||
| 005 | 20230906214334.0 | ||
| 008 | 090218q1871 sp |||| | spa d | ||
| 080 | _a821.133.1-14"18" | ||
| 100 | 1 |
_aCoppée, François. _940420 |
|
| 245 | 1 | 0 |
_aPlus de sang! : _bavril 1871 / _cFrançois Coppée. |
| 260 |
_aParis : _bAlphonse Lemerre, _c[ca. 1871] |
||
| 300 |
_a10 p. ; _c19 cm. |
||
| 852 | 4 |
_aES-MaACL _j2248-F-11 _z- Biblioteca Jacinto Martínez Lacalle |
|
| 999 |
_c170273 _d170273 |
||